000 00695nam a22002057a 4500
999 _c166187
_d166187
005 20190716125607.0
010 _aENG-125945
020 _a9789353431754
_c150.00
035 _aEN-109477
037 _bDBAD/PUB
082 _a540
245 _aChemistry practice book class-9
250 _aSecond edition
260 _aNoida
_bPearson India Education
_c2019
270 _a15th Floor, Tower-B, World Trade Tower, Plot No.I, Block-C, Sector 16
_bNoida, Uttar Pradesh
_e201301
_mcompanysecretary.india@pearson.com
300 _avarious paging.
_c25cm(pbk)
490 _aPearsons IIT foundation series
500 _aTrishna knowledge systems
942 _2ddc
_cEN
_h540
_mCHE